| 000 | 00490nam a22001817a 4500 | ||
|---|---|---|---|
| 999 |
_c7158 _d7158 |
||
| 003 | GBCCL | ||
| 005 | 20241126110621.0 | ||
| 008 | 180716b ||||| |||| 00| 0 eng d | ||
| 020 | _a9789385080548 | ||
| 040 | _cgbc | ||
| 082 |
_a248.83 _bARU |
||
| 100 |
_aArun, Parameswari _912660 |
||
| 245 |
_aYouth: _barise and shine / _cParameswari Arun |
||
| 260 |
_aSecunderabad: _bGS Books, _c2015 |
||
| 300 |
_a294 p.; _bill., _c19 cm. |
||
| 650 |
_aYouth _xChristian life _912661 |
||
| 942 |
_2ddc _cBK _03 |
||